Top 100 ról żeńskich Filmweb - Statystyki

Ogólne statystyki
  • Ten quiz został rozwiązany 45 razy
    3 od ostatniego zresetowania
  • Średni wynik to 50 z 100
Statystyki odpowiedzi
Miejsce/Film Oskar Aktorka % Poprawnych
4. Przerwana lekcja muzyki Tak Angelina Jolie
100%
36. Czarownica Nie Angelina Jolie
100%
56. Oszukana Nominacja Angelina Jolie
100%
49. Śniadanie u Tiffanyego Nominacja Audrey Hepburn
100%
99. Ciekawy przypadek Benjamina Buttona Nie Cate Blanchett
100%
1. Biedne Istoty Tak Emma Stone
100%
18. Cruella Nie Emma Stone
100%
71. Faworyta Nominacja Emma Stone
100%
85. Cruella Nie Emma Thompson
100%
83. Harry Potter Nie Emma Watson
100%
87. Nomadland Tak Frances McDormand
100%
68. Alicja w Krainie Czarów Nie Helena Bonham Carter
100%
37. Milczenie owiec Tak Jodie Foster
100%
38. Erin Brockovich Tak Julia Roberts
100%
46. Pretty woman Nominacja Julia Roberts
100%
19. Lektor Tak Kate Winslet
100%
44. Titanic Nominacja Kate Winslet
100%
92. Zakochany bez pamięci Nominacja Kate Winslet
100%
67. Narodziny gwiazdy Nominacja Lady Gaga
100%
39. Harry Potter Nie Maggie Smith
100%
8. Diabeł ubiera się u Prady Nominacja Meryl Streep
100%
2. Czarny Łabędź Tak Natalie Portman
100%
3. Leon zawodowiec Nie Natalie Portman
100%
13. Faworyta Tak Olivia Colman
100%
40. Pamiętnik Nie Rachel McAdams
100%
80. Małe kobietki Nominacja Saoirse Ronan
100%
52. Historia małżeńska Nominacja Scarlett Johansson
100%
58. Substancja Nominacja Demi Moore
67%
10. Harry Potter Nie Helena Bonham Carter
67%
77. Piękny umysł Tak Jennifer Connelly
67%
60. Love, Rosie Nie Lily Collins
67%
6. Legion samobójców Nie Margot Robbie
67%
81. Żelazna dama Tak Meryl Streep
67%
51. Dziewczyna z portretu Tak Alicia Vikander
33%
35. Jestem najlepsza. Ja, Tonya Tak Allison Janney
33%
63. American hustle Nominacja Amy Adams
33%
65. Nowy początek Nie Amy Adams
33%
74. Elegia dla bidoków Nie Amy Adams
33%
98. Gia Nie Angelina Jolie
33%
78. American beauty Nominacja Annette Bening
33%
59. Amelie Nie Audrey Tautou
33%
94. Pokój Tak Brie Larson
33%
22. Obiecująca. Młoda. Kobieta. Nominacja Carey Mulligan
33%
26. Blue Jasmine Tak Cate Blanchett
33%
28. Tar Nominacja Cate Blanchett
33%
9. Monster Tak Charlize Theron
33%
86. Mad Max: Na drodze gniewu Nie Charlize Theron
33%
88. Doktor Strange w Multiwersum obłędu Nie Elizabeth Olsen
33%
5. Requiem dla snu Nominacja Ellen Burstyn
33%
11. Trzy Billboardy za Ebbing, Missouri Tak Frances McDormand
33%
24. Elegia dla bidoków Nominacja Glenn Close
33%
76. Niebezpieczne związki Nominacja Glenn Close
33%
89. Żona Nominacja Glenn Close
33%
15. Podziemny krąg Nie Helena Bonham Carter
33%
48. Sweeney Todd Nie Helena Bonham Carter
33%
55. Za wszelką cenę Tak Hilary Swank
33%
100. Requiem dla snu Nie Jennifer Connelly
33%
50. Nienawistna ósemka Nominacja Jennifer Jason Leigh
33%
95. Mother! Nie Jennifer Lawrence
33%
72. Sama przeciw wszystkim Nie Jessica Chastain
33%
34. Hamnet Nominacja Jessie Buckley
33%
12. Motyl still Alice Tak Julianne Moore
33%
43. Godziny Nominacja Julianne Moore
33%
82. Droga do szczęścia Nie Kate Winslet
33%
7. Misery Tak Kathy Bates
33%
27. Jestem najlepsza. Ja, Tonya Nominacja Margot Robbie
33%
30. Sierpień w hrabstwie Osage Nominacja Meryl Streep
33%
45. Pearl Nie Mia Goth
33%
21. 21 gramów Nominacja Naomi Watts
33%
41. Mulholland drive Nie Naomi Watts
33%
25. Jackie Nominacja Natalie Portman
33%
61. Bliżej Nominacja Natalie Portman
33%
20. Godziny Tak Nicole Kidman
33%
42. Służące Tak Octavia Spencer
33%
66. Ojciec Nominacja Olivia Colman
33%
91. Dziennik Bridget Jones Nominacja Renee Zellweger
33%
23. Dziewczyna z tatuażem Nominacja Rooney Mara
33%
17. Zaginiona dziewczyna Nominacja Rosamund Pike
33%
73. Kształt wody Nominacja Sally Hawkins
33%
69. Wielki Mike Tak Sandra Bullock
33%
31. Nagi instynkt Nie Sharon Stone
33%
53. Obcy. Pasażer Nostromo Nie Sigourney Weaver
33%
70. Musimy porozmawiać o Kevinie Nie Tilda Swinton
33%
14. Dziedzictwo. Hereditary. Nie Toni Collette
33%
16. Pulp fiction Nominacja Uma Thurman
33%
54. Kill bill Nie Uma Thurman
33%
97. Obecność 2 Nie Vera Farmiga
33%
96. Służące Nominacja Viola Davis
33%
29. Przeminęło z wiatrem Tak Vivien Leigh
33%
64. Przerwana lekcja muzyki Nie Winona Ryder
33%
90. Wiek Adaline Nie Blake Lively
0%
84. Logan Nie Dafne Keen
0%
47. Służące Nominacja Jessica Chastain
0%
62. Projektantka Nie Judy Davis
0%
32. Projektantka Nie Kate Winslet
0%
75. Aż do kości Nie Lily Collins
0%
57. Lot nad kukułczym gniazdem Tak Louise Fletcher
0%
33. Obdarowani Nie Mckenna Grace
0%
93. Anatomia upadku Nominacja Sandra Huller
0%
79. Cząstki kobiety Nominacja Vanessa Kirby
0%
Nie znaleziono quizów pasujących do podanych kryteriów
Rozkład punktacji
Procent ludzi z każdym wynikiem
Percentyl według liczby udzielonych odpowiedzi
Twoja historia wyników
Nie rozwiązałeś tego quizu od ostatniego zresetowania